000 00417nam a2200157Ia 4500
008 230312s9999||||xx |||||||||||||| ||und||
020 _a0-07-252577-0
082 _a658.3
_bIVA
100 _aIvancevich . John M
245 0 _aHuman Resorce Management
260 _bTata McGraw Hill
_aIndia
_c2005
300 _a621
546 _aEng.
650 _aManagement
_va brief history of human resource management
942 _cBK
999 _c794
_d794